[Event "EU-ch Cities&Town op"]
[Site "Tornelo INT"]
[Date "2023.01.29"]
[Round "?"]
[White "Saric, Igor"]
[Black "Jugaru, Lucian"]
[Result "1-0"]
[WhiteElo "2282"]
[BlackElo "1839"]
[PlyCount "49"]
[EventDate "2023.01.29"]
[EventType "team-swiss"]
[EventRounds "9"]
[EventCountry "NET"]
[SourceTitle "CBM 212 Extra"]
[Source "ChessBase"]
[SourceDate "2023.03.31"]
[SourceVersion "1"]
[SourceVersionDate "2023.03.31"]
[SourceQuality "1"]
[WhiteTeam "Niksic"]
[BlackTeam "Galati CSM"]
[WhiteTeamCountry "MNE"]
[BlackTeamCountry "ROU"]

1. e4 c5 2. Nf3 e6 3. Nc3 a6 4. g3 b5 5. Bg2 Bb7 6. d3 Qc7 7. 0-0 g6 8. a3 Bg7 9. Bg5 h6 10. Be3 Nc6 11. Bxc5 Nge7 12. Be3 d5 13. exd5 exd5 14. Bf4 Qb6 15. Re1 0-0 16. Ne5 g5 17. Nxc6 Nxc6 18. Nxd5 Qc5 19. Be3 Qd6 20. Nc3 Rae8 21. Ne4 Qc7 22. Bc5 Ne7 23. d4 Rd8 24. Bxe7 Qxe7 25. Nc5 1-0

[Event "MNE-chT 2nd League"]
[Site "Cetinje"]
[Date "2022.10.14"]
[Round "1"]
[White "Kovacevic, Dragoljub"]
[Black "Saric, Igor"]
[Result "0-1"]
[WhiteElo "2125"]
[BlackElo "2270"]
[PlyCount "36"]
[EventDate "2022.10.14"]
[EventType "team-tourn"]
[EventRounds "5"]
[EventCountry "MNE"]
[SourceTitle "EXT 2024"]
[Source "ChessBase"]
[SourceDate "2023.10.10"]
[SourceVersion "1"]
[SourceVersionDate "2023.10.10"]
[SourceQuality "1"]
[WhiteTeam "Bar Mornar"]
[BlackTeam "Niksic"]
[WhiteTeamCountry "MNE"]
[BlackTeamCountry "MNE"]

1. e4 e6 2. d4 d5 3. Nc3 Nf6 4. Bg5 Be7 5. e5 Nfd7 6. h4 c5 7. Bxe7 Kxe7 8. Qg4 Kf8 9. Nb5 cxd4 10. f4 Qa5+ 11. Kd1 Nc6 12. Rh3 Qb6 13. Rg3 g6 14. Nh3 a6 15. Na3 Nc5 16. Qg5 h6 17. Qf6 Rg8 18. h5 Ne4 0-1

[Event "MNT-chT 1st League"]
[Site "Sutomore"]
[Date "2021.08.02"]
[Round "4.3"]
[White "Jakic, Vidan"]
[Black "Saric, Igor"]
[Result "0-1"]
[WhiteElo "2076"]
[BlackElo "2259"]
[PlyCount "60"]
[EventDate "2021.07.31"]
[EventType "team-tourn"]
[EventRounds "9"]
[EventCountry "MNE"]
[SourceTitle "EXT 2022"]
[Source "ChessBase"]
[SourceDate "2021.10.06"]
[SourceVersion "1"]
[SourceVersionDate "2021.10.06"]
[SourceQuality "1"]
[WhiteTeam "Rudar"]
[BlackTeam "Elektroprivreda"]
[WhiteTeamCountry "MNE"]
[BlackTeamCountry "MNE"]

1. e4 d5 2. exd5 Qxd5 3. Nc3 Qd8 4. Nf3 Nf6 5. Bc4 e6 6. d4 Be7 7. 0-0 0-0 8. Qe2 Nbd7 9. Re1 Nb6 10. Bb3 c6 11. Bg5 h6 12. Bxf6 Bxf6 13. Ne4 Be7 14. Rad1 a5 15. Nc5 Nd5 16. c4 Nf6 17. Ne4 Bb4 18. Rf1 Re8 19. Bc2 Bf8 20. Ne5 Nxe4 21. Nxf7 Kxf7 22. Qxe4 Be7 23. f4 Bf6 24. g4 c5 25. dxc5 Qc7 26. Qg6+ Ke7 27. Ba4 Qxc5+ 28. Kg2 b5 29. Bxb5 Bb7+ 30. Kg3 Qe3+ 0-1

[Event "MNT-chT"]
[Site "Podgorica"]
[Date "2020.10.11"]
[Round "4.5"]
[White "Pecurica, Milos"]
[Black "Saric, Igor"]
[Result "1/2-1/2"]
[WhiteElo "2323"]
[BlackElo "2267"]
[PlyCount "90"]
[EventDate "2020.10.09"]
[EventType "team-tourn"]
[EventRounds "9"]
[EventCountry "MNE"]
[SourceTitle "CBM 198 Extra"]
[Source "ChessBase"]
[SourceDate "2020.11.30"]
[SourceVersion "1"]
[SourceVersionDate "2020.11.30"]
[SourceQuality "1"]
[WhiteTeam "Crnogorac"]
[BlackTeam "Elektroprivreda"]
[WhiteTeamCountry "MNE"]
[BlackTeamCountry "MNE"]

1. e4 d5 2. exd5 Qxd5 3. Nf3 Nf6 4. d4 Bg4 5. Nc3 Qd8 6. h3 Bxf3 7. Qxf3 c6 8. Be3 e6 9. 0-0-0 Nd5 10. Ne4 Nd7 11. Kb1 N7f6 12. Nxf6+ Nxf6 13. g4 Qd5 14. Bg2 Qxf3 15. Bxf3 Be7 16. c4 0-0 17. Rhe1 Bd6 18. Rd3 Rfd8 19. h4 Rd7 20. g5 Ne8 21. Bg4 Rdd8 22. Rb3 Rab8 23. h5 a6 24. Bh3 g6 25. c5 Bc7 26. h6 Rd7 27. Bg2 Kf8 28. Rd1 Ke7 29. a4 Kd8 30. Rbd3 a5 31. Kc2 Ra8 32. Bc1 Bb8 33. Rb3 Kc8 34. Be4 Nc7 35. Rf3 Kd8 36. Bf4 Ke8 37. Rb3 Nd5 38. Bxb8 Rxb8 39. Bxd5 Rxd5 40. f4 f6 41. Re3 Kf7 42. Rde1 Re8 43. Rb3 Rb8 44. Rd1 Ke8 45. gxf6 Kf7 1/2-1/2

[Event "MNT-chT 1st League"]
[Site "Podgorica"]
[Date "2019.07.27"]
[Round "8.3"]
[White "Vuckovic, Marko1111"]
[Black "Saric, Igor"]
[Result "0-1"]
[WhiteElo "2009"]
[BlackElo "2311"]
[PlyCount "83"]
[EventDate "2019.07.20"]
[EventType "team-tourn"]
[EventRounds "9"]
[EventCountry "MNE"]
[SourceTitle "EXT 2020"]
[Source "ChessBase"]
[SourceDate "2019.10.17"]
[SourceVersion "1"]
[SourceVersionDate "2019.10.17"]
[SourceQuality "1"]
[WhiteTeam "Buducnost Omladinac"]
[BlackTeam "Niksic"]
[WhiteTeamCountry "MNE"]
[BlackTeamCountry "MNE"]

1. e4 e6 2. d4 d5 3. Nd2 Nf6 4. e5 Nfd7 5. f4 c5 6. c3 Nc6 7. Ndf3 Qb6 8. g3 f6 9. Bd3 cxd4 10. cxd4 Bb4+ 11. Kf1 0-0 12. Kg2 Kh8 13. Ne2 fxe5 14. fxe5 Rxf3 15. Kxf3 Nxd4+ 16. Kg2 Nc6 17. Qc2 h6 18. Nf4 Ndxe5 19. a3 Bd6 20. b4 Bd7 21. Re1 Rc8 22. Qd1 Nxd3 23. Qxd3 Qd4 24. Ra2 e5 25. Qxd4 Nxd4 26. Ng6+ Kh7 27. Nh4 g5 28. Nf3 Nxf3 29. Kxf3 d4 30. Rd2 Kg6 31. Bb2 Rf8+ 32. Ke2 Bg4+ 33. Kd3 Bf3 34. Rf1 g4 35. Rc1 Kf5 36. Rf2 Ke6 37. Kd2 Kd5 38. Ke1 h5 39. Rd2 b6 40. Kf2 Be7 41. Rc7 Bg5 42. Bc1 0-1

[Event "MNT-chT 1st League"]
[Site "Podgorica"]
[Date "2019.07.20"]
[Round "1.3"]
[White "Cetkovic, Miodrag"]
[Black "Saric, Igor"]
[Result "1/2-1/2"]
[WhiteElo "2192"]
[BlackElo "2311"]
[PlyCount "104"]
[EventDate "2019.07.20"]
[EventType "team-tourn"]
[EventRounds "9"]
[EventCountry "MNE"]
[SourceTitle "EXT 2020"]
[Source "ChessBase"]
[SourceDate "2019.10.17"]
[SourceVersion "1"]
[SourceVersionDate "2019.10.17"]
[SourceQuality "1"]
[WhiteTeam "Kotor"]
[BlackTeam "Niksic"]
[WhiteTeamCountry "MNE"]
[BlackTeamCountry "MNE"]

1. e4 e6 2. d4 d5 3. Nd2 dxe4 4. Nxe4 Bd7 5. Bd3 Bc6 6. Nf3 Nd7 7. 0-0 Ngf6 8. Qe2 Nxe4 9. Bxe4 Bxe4 10. Qxe4 c6 11. Bg5 Nf6 12. Qe3 Be7 13. Qb3 Qc7 14. Rfe1 0-0 15. Rad1 Qb6 16. Ne5 Qxb3 17. axb3 Rfd8 18. c3 h6 19. Bc1 Rac8 20. b4 Kf8 21. g3 Nd5 22. Kg2 Bd6 23. Nc4 Be7 24. Ne5 Nb6 25. Rd3 Rd5 26. Rf3 Bf6 27. Ng4 Bg5 28. Ne3 Rb5 29. h4 Bxe3 30. Rexe3 Ke8 31. b3 Nd5 32. Re2 Ne7 33. Ra2 a6 34. Bf4 Rd5 35. Be5 f6 36. Bxf6 gxf6 37. Rxf6 Ng8 38. Rxe6+ Kf7 39. Rae2 Rc7 40. R6e4 Re7 41. Rf4+ Kg7 42. Rg4+ Kf7 43. Rf4+ Nf6 44. Rxe7+ Kxe7 45. c4 Rd8 46. f3 Kf7 47. g4 Kg6 48. Kf2 Rd6 49. Ke3 Re6+ 50. Kd2 Rd6 51. Ke3 Re6+ 52. Kd2 Rd6 1/2-1/2

[Event "MNT-chT 1st League"]
[Site "Podgorica"]
[Date "2018.09.09"]
[Round "3.2"]
[White "Husovic, Nusret"]
[Black "Saric, Igor"]
[Result "0-1"]
[WhiteElo "1927"]
[BlackElo "2308"]
[PlyCount "46"]
[EventDate "2018.09.07"]
[EventType "team-tourn"]
[EventRounds "9"]
[EventCountry "MNE"]
[SourceTitle "CBM 187 Extra"]
[Source "ChessBase"]
[SourceDate "2018.11.04"]
[SourceVersion "1"]
[SourceVersionDate "2018.11.04"]
[SourceQuality "1"]
[WhiteTeam "Ibar"]
[BlackTeam "Niksic"]
[WhiteTeamCountry "MNE"]
[BlackTeamCountry "MNE"]

1. e4 e6 2. d4 d5 3. exd5 exd5 4. Nf3 Bd6 5. Bd3 c6 6. 0-0 Bg4 7. h3 Bh5 8. Re1+ Ne7 9. b3 Nd7 10. a3 Qc7 11. c4 dxc4 12. bxc4 c5 13. Nc3 a6 14. Nd5 Qd8 15. Nxe7 Bxe7 16. Be4 0-0 17. dxc5 Nxc5 18. Bd5 Bf6 19. Ra2 Rc8 20. Be3 Qa5 21. Bd2 Qc7 22. g4 Bg6 23. Bb4 b6 0-1

[Event "MNT-chT"]
[Site "Montenegro"]
[Date "2017.09.29"]
[Round "7.1"]
[White "Milanovic, Slavisa"]
[Black "Saric, Igor"]
[Result "1-0"]
[WhiteElo "2367"]
[BlackElo "2288"]
[PlyCount "91"]
[EventDate "2017.09.23"]
[EventType "team"]
[EventRounds "9"]
[EventCountry "MNE"]
[SourceTitle "EXT 2019"]
[Source "ChessBase"]
[SourceDate "2018.10.10"]
[SourceVersion "1"]
[SourceVersionDate "2018.10.10"]
[SourceQuality "1"]
[WhiteTeam "Rudar"]
[BlackTeam "Niksic"]
[WhiteTeamCountry "MNE"]
[BlackTeamCountry "MNE"]

1. c4 c5 2. Nf3 Nf6 3. d4 cxd4 4. Nxd4 Nc6 5. Nc3 d6 6. e4 g6 7. Be2 Nxd4 8. Qxd4 Bg7 9. Be3 0-0 10. Qd2 Ng4 11. Bg5 h6 12. Bh4 Be6 13. Rc1 Ne5 14. b3 g5 15. Bg3 Ng6 16. h4 Qa5 17. hxg5 Qxg5 18. Rh5 Qxd2+ 19. Kxd2 f5 20. exf5 Rxf5 21. Rxf5 Bxf5 22. Bf3 Rb8 23. Nd5 Kf8 24. Ne3 Be6 25. Rh1 b5 26. c5 Rd8 27. cxd6 exd6 28. Bg4 Kf7 29. f4 Bxg4 30. Nxg4 Ne7 31. Bh4 Rg8 32. Bxe7 Kxe7 33. Ke3 a6 34. Kf3 Rc8 35. Nxh6 Bxh6 36. Rxh6 Rc2 37. g4 Rxa2 38. Ke4 Re2+ 39. Kf5 Kd7 40. g5 a5 41. g6 Rg2 42. Kf6 a4 43. bxa4 bxa4 44. g7 a3 45. Rh3 a2 46. Ra3 1-0

[Event "MNT-chT"]
[Site "Niksic"]
[Date "2016.08.14"]
[Round "9.4"]
[White "Rajkovic, Dusan"]
[Black "Saric, Igor"]
[Result "1-0"]
[WhiteElo "2367"]
[BlackElo "2295"]
[PlyCount "113"]
[EventDate "2016.08.06"]
[EventType "team-tourn"]
[EventRounds "9"]
[EventCountry "MNE"]
[SourceTitle "CBM 173 Extra"]
[Source "ChessBase"]
[SourceDate "2016.08.29"]
[SourceVersion "1"]
[SourceVersionDate "2016.08.29"]
[SourceQuality "1"]

1. d4 d5 2. c4 e6 3. Nc3 Be7 4. Nf3 Nf6 5. Bf4 0-0 6. e3 c6 7. Qc2 Nbd7 8. Rd1 Re8 9. a3 Nf8 10. Bd3 b6 11. e4 dxe4 12. Nxe4 Ng6 13. Nxf6+ Bxf6 14. Bg3 Bb7 15. 0-0 Qe7 16. c5 Red8 17. Rfe1 Rac8 18. b4 Nf8 19. Be4 g6 20. Bd6 Qe8 21. h4 Be7 22. Bf4 Kg7 23. Qc3 Nd7 24. h5 Nf6 25. Be5 Kg8 26. hxg6 hxg6 27. Ng5 Nh5 28. Qe3 Ng7 29. Bf4 f6 30. Nxe6 Nxe6 31. Bxg6 Qxg6 32. Qxe6+ Qf7 33. Qxe7 Re8 34. Qxf7+ Kxf7 35. Be3 b5 36. a4 a6 37. f3 Rcd8 38. Kf2 Bc8 39. axb5 axb5 40. Rh1 Ke6 41. Rh6 Rf8 42. Rdh1 Kd5 43. R1h4 Be6 44. Rf4 f5 45. Rfh4 Ra8 46. Rg6 Ra2+ 47. Kg3 Rb2 48. Bg5 Rxb4 49. Rxe6 Kxe6 50. d5+ Kxd5 51. Rxb4 Ra8 52. Kf4 Kxc5 53. Rb1 Kc4 54. Kxf5 b4 55. g4 c5 56. Bf6 Kd3 57. g5 1-0

[Event "MNT-chT"]
[Site "Niksic"]
[Date "2016.08.08"]
[Round "3.4"]
[White "Musovic, Armin"]
[Black "Saric, Igor"]
[Result "1-0"]
[WhiteElo "2233"]
[BlackElo "2295"]
[PlyCount "85"]
[EventDate "2016.08.06"]
[EventType "team-tourn"]
[EventRounds "9"]
[EventCountry "MNE"]
[SourceTitle "CBM 173 Extra"]
[Source "ChessBase"]
[SourceDate "2016.08.29"]
[SourceVersion "1"]
[SourceVersionDate "2016.08.29"]
[SourceQuality "1"]

1. e4 e6 2. d4 d5 3. e5 c5 4. c3 Qb6 5. Nf3 Bd7 6. Be2 Nc6 7. dxc5 Qc7 8. Bf4 Bxc5 9. b4 Bb6 10. a4 a5 11. b5 Nce7 12. h4 Nf5 13. g4 Nfh6 14. Nd4 Qc5 15. Be3 Qc7 16. f4 f6 17. exf6 gxf6 18. g5 Nf7 19. Bh5 Kf8 20. Bxf7 Kxf7 21. Qh5+ Kf8 22. Rg1 Re8 23. gxf6 e5 24. Rg7 Re7 25. Ne6+ Bxe6 26. fxe7+ Nxe7 27. Bxb6 Qxb6 28. Qxe5 Bf7 29. Rxf7+ Kxf7 30. Qxh8 Qg1+ 31. Kd2 Nf5 32. Qe5 Qf2+ 33. Qe2 Qxf4+ 34. Kc2 d4 35. Kb3 Kf8 36. Qc4 Ne3 37. Qxd4 Qf7+ 38. c4 Qf2 39. Na3 Qg3 40. Qh8+ Ke7 41. Qxh7+ Kd6 42. Qd3+ Kc5 43. Nc2 1-0

[Event "MNT-chT"]
[Site "Ulcinj"]
[Date "2014.09.24"]
[Round "5.3"]
[White "Saric, Igor"]
[Black "Rajkovic, Dusan"]
[Result "1/2-1/2"]
[WhiteElo "2316"]
[BlackElo "2371"]
[PlyCount "42"]
[EventDate "2014.09.20"]
[EventType "team-tourn"]
[EventRounds "9"]
[EventCountry "MNE"]
[SourceTitle "CBM 162 Extra"]
[Source "ChessBase"]
[SourceDate "2014.10.17"]
[SourceVersion "1"]
[SourceVersionDate "2014.10.17"]
[SourceQuality "1"]
[WhiteTeam "Niksic"]
[BlackTeam "Rudar"]
[WhiteTeamCountry "MNE"]
[BlackTeamCountry "MNE"]

1. e4 c5 2. Nf3 Nc6 3. d4 cxd4 4. Nxd4 g6 5. c4 Nf6 6. Nc3 d6 7. Be2 Nxd4 8. Qxd4 Bg7 9. 0-0 0-0 10. Qd1 Be6 11. Be3 Qa5 12. Rc1 Rfc8 13. b3 b5 14. Nxb5 Nxe4 15. Bf3 f5 16. Bxe4 fxe4 17. Qd2 Qxd2 18. Bxd2 Bd7 19. Nc3 Bc6 20. Rfe1 Bxc3 21. Bxc3 Kf7 1/2-1/2

[Event "MNT-chT"]
[Site "Ulcinj"]
[Date "2014.09.23"]
[Round "4.3"]
[White "Lekic, Dusan"]
[Black "Saric, Igor"]
[Result "1-0"]
[WhiteElo "2428"]
[BlackElo "2316"]
[PlyCount "93"]
[EventDate "2014.09.20"]
[EventType "team-tourn"]
[EventRounds "9"]
[EventCountry "MNE"]
[SourceTitle "CBM 162 Extra"]
[Source "ChessBase"]
[SourceDate "2014.10.17"]
[SourceVersion "1"]
[SourceVersionDate "2014.10.17"]
[SourceQuality "1"]
[WhiteTeam "Mimoza"]
[BlackTeam "Niksic"]
[WhiteTeamCountry "MNE"]
[BlackTeamCountry "MNE"]

1. d4 d6 2. Nf3 Bg4 3. c4 Bxf3 4. exf3 c6 5. Nc3 Nd7 6. d5 g6 7. Be3 Bg7 8. Bd4 Bxd4 9. Qxd4 Ngf6 10. Be2 Qb6 11. Qd2 Rc8 12. 0-0 0-0 13. Rfe1 a6 14. Bf1 Rfe8 15. Re3 cxd5 16. cxd5 Qa5 17. a3 b5 18. b4 Qb6 19. a4 bxa4 20. Rxa4 Nb8 21. Ne4 Nfd7 22. h4 Qb7 23. h5 Nb6 24. Ra5 Rf8 25. Rea3 Kg7 26. Qd4+ Kg8 27. h6 f6 28. Bxa6 Nxa6 29. Rxa6 Nxd5 30. R3a5 Rc1+ 31. Kh2 Nc7 32. Ra7 Qb8 33. Qb2 Rc4 34. b5 d5 35. Ng3 Qb6 36. Qd2 Rd8 37. f4 Kf7 38. Nf1 Ke8 39. g3 Nxb5 40. R7a6 Qc5 41. Ne3 Rd4 42. Qe2 Rb4 43. Ng4 Kd7 44. Qe6+ Kc7 45. Ra7+ Kb8 46. Ra8+ Kc7 47. Rxd8 1-0

[Event "Montenegro Team Cup"]
[Site "Montenegro"]
[Date "2013.04.21"]
[Round "3.4"]
[White "Kontic, Djordjije"]
[Black "Saric, Igor"]
[Result "1/2-1/2"]
[WhiteElo "2340"]
[BlackElo "2294"]
[PlyCount "84"]
[EventDate "2013.04.06"]
[EventType "swiss"]
[EventRounds "5"]
[EventCountry "MNE"]
[SourceTitle "CBM 154 Extra"]
[Source "ChessBase"]
[SourceDate "2013.06.25"]
[SourceVersion "2"]
[SourceVersionDate "2013.06.25"]
[SourceQuality "1"]

1. e4 e6 2. d4 d5 3. Nc3 dxe4 4. Nxe4 Bd7 5. Nf3 Bc6 6. Neg5 Nd7 7. Bd3 Ngf6 8. Ne5 Nxe5 9. dxe5 Nd5 10. a3 Qd7 11. 0-0 0-0-0 12. Qh5 g6 13. Qf3 f5 14. exf6 h6 15. Ne4 g5 16. Rd1 Rg8 17. c4 Nxf6 18. Be2 Bxe4 19. Rxd7 Bxf3 20. Rxd8+ Kxd8 21. Bxf3 Kc8 22. Be3 Bd6 23. g3 e5 24. Bg2 Kb8 25. c5 Be7 26. c6 bxc6 27. Rc1 Nd5 28. Bc5 Bf6 29. Bxa7+ Kb7 30. Be3 Ra8 31. Kf1 Ra4 32. Ke2 e4 33. Rc2 Be5 34. Bc1 Nf6 35. b4 Ra8 36. Rc4 Re8 37. a4 Bd6 38. a5 Re5 39. Be3 Rb5 40. Bd2 Nd5 41. Bxe4 Nxb4 42. Bxb4 Rxb4 1/2-1/2

[Event "MNT-chT"]
[Site "Cetinje"]
[Date "2009.09.18"]
[Round "1"]
[White "Cabrilo, Goran"]
[Black "Saric, Igor"]
[Result "1-0"]
[WhiteElo "2494"]
[BlackElo "2315"]
[PlyCount "80"]
[EventDate "2009.09.18"]
[EventType "team-tourn"]
[EventRounds "9"]
[EventCountry "MNE"]
[SourceTitle "EXT 2011"]
[Source "ChessBase"]
[SourceDate "2010.11.26"]
[SourceVersion "1"]
[SourceVersionDate "2010.11.26"]
[SourceQuality "1"]

1. d4 d6 2. e4 e5 3. Nf3 Nc6 4. Bb5 Bd7 5. 0-0 Nf6 6. Re1 Be7 7. Nc3 Nxd4 8. Bxd7+ Nxd7 9. Nxd4 exd4 10. Qxd4 0-0 11. Nd5 Re8 12. Bd2 Bf8 13. Bc3 Nc5 14. f3 Ne6 15. Qd2 c6 16. Ne3 Qg5 17. Rad1 Rad8 18. Kh1 Nc7 19. Qf2 b6 20. Qg3 Qxg3 21. hxg3 f6 22. Rd3 d5 23. Red1 Bc5 24. Nf5 Kf7 25. a4 Bf8 26. b4 g6 27. Ne3 Bh6 28. Ng4 Bg7 29. Nf2 Bf8 30. Kg1 Be7 31. Kf1 dxe4 32. fxe4 Rxd3 33. cxd3 Bd6 34. g4 Ne6 35. Ke2 c5 36. bxc5 Nxc5 37. a5 b5 38. Rh1 Na4 39. Bd4 Kg7 40. g5 Be5 1-0